Rompecabezas - Estados mexicanos - Estadísticas

Estadísticas generales
  • Esta prueba ha sido intentada 2.299 veces
  • La puntuación promedio es 24 de 32
Respuestas en el mapa
Las respuestas están codificadas por una escala verde-roja en el mapa de la prueba según el % correcto abajo.
 
Estadísticas de respuestas
Estado % Correcto
Sonora
90%
Baja California
85%
Baja California Sur
85%
Chihuahua
83%
Coahuila
80%
Durango
79%
Sinaloa
79%
Tamaulipas
79%
Chiapas
78%
Yucatán
78%
Nuevo León
77%
Veracruz
77%
Campeche
76%
Guerrero
76%
Oaxaca
76%
Quintana Roo
76%
Zacatecas
76%
Jalisco
75%
Nayarit
75%
San Luis Potosí
75%
Tabasco
75%
Michoacán
74%
Puebla
74%
Aguascalientes
73%
Guanajuato
73%
Colima
72%
Hidalgo
72%
México
72%
Querétaro
71%
Morelos
69%
Tlaxcala
69%
Ciudad de México
64%
No se encontraron pruebas coincidentes
Distribución de puntuación
Porcentaje de gente con cada puntuación
Porcentaje por número respondido
Historial de tus puntuaciones
No has intentado esta prueba.